000 02134cam a22005174i 4500
003 PE-LiUPU
005 20251015094307.0
008 180308s2003 ne rb 001 0 eng d
020 _a9789004129283
035 _a(Sirsi) a241480
040 _aPE-LiUPU
_bspa
_cPE-LiUPU
_erda
049 _aPRUA
082 0 4 _a270.072
_bB12
_221
100 1 _aBackus, Irena,
_eautor.
245 1 0 _aHistorical method and confessional identity in the era of the Reformation, 1378-1615 /
_cby Irena Backus.
264 1 _aLeiden :
_bBrill,
_c2003.
300 _ax, 416 páginas ;
_c25 centímetros.
336 _atext
_2rdacontent
337 _aunmediated
_2rdamedia
338 _avolume
_2rdacarrier
490 0 _aStudies in medieval and Reformation thought,
_x0585-6914 ;
_vv. 94
504 _aBibliografía : páginas 395-406.
504 _aÍndices : páginas 407-416.
505 0 _aLimits of the Augustinian Paradigm: Use of Augustine in Treatises on the Church, 1378-1580 -- Balance Between Pagan and Christian Tradition in the Thought of Calvin and Castellio -- Patristic Editions, Controversy and Apologetics -- How to Read which Ancient Writers? 16th and 17th Century Guides to the Writings of the Early Church -- Lutheran and Roman Catholic Uses of New Testament Apocrypha as Historical Documents -- Protestant and Catholic Histories of the Early Church.
526 _aSEG42
526 _aSEG41
526 _aSEG40
526 _aSEG39
526 _aP94
526 _aP87
526 _aP86
526 _aP85
526 _aP77
526 _aP76
526 _aP35
541 _20180305;
650 0 4 _aFathers of the church
_xHistoriography.
650 0 4 _aPadres de la iglesia
_xHistoriografía.
650 0 4 _aReformation.
650 0 0 _aReforma
_91623
910 _adbm
_bjpc
_cjpc
_d20180308
942 _2ddc
_cBOOK
994 _aC0
_bPEPRU
596 _a1
999 _a270.072 B12
_wDEWEY
_c27107
_i78406
_f2021-11-11
_g4
_lCCODEBUL1
_mBUL
_p127.00
_r0
_sY
_tBOOK
_u2018-3-8
_xTEOLOGIA
_PP35
_0DONACION
_o.STAFF. Colección Teología
_d27107
980 _818226
_gJaime Vilcazán Jefe de Análisis Documental